Представление документа в формате RUSMARC

ПолеНазваниеЗначение
  Тип записи a
  Библиографический уровень c
001 Контрольный номер 8e907a224ca441688afab1e763f70a60
005 Дата корректировки 20210527114601.3
010 Индекс ISBN __
a ISBN 5-250-01299-9
b Уточнения в пер.
d Цена 5-80
100 Данные общей обработки __
a Данные общей обработки 20210317d1991####am y0rusy028902 ca
101 Язык документа 0_
a Язык текста rus
102 Страна публикации __
a Страна публикации RU
105 Кодированные данные (монография) __
a Кодированные данные (монография) y z 000ay
181 Поле кодированных данных: вид содержания _0
a Код вида содержания (ISBD) i
182 Поле кодированных данных: тип средства _0
a Код типа средства (ISBD) n
200 Заглавие и сведения об ответственности 1_
a Заглавие Брат Иуда
f Первые сведения об ответственности составитель С. В. Белозеров
e Сведения, относящиеся к заглавию сборник детективов советских и зарубежных авторов
203 Вид содержания и тип средства __
a Вид содержания Текст
c Тип средства непосредственный
210 Выходные данные 1_
a Место издания Москва
c Издательство Политиздат
d Дата издания 1991
215 Физическое описание __
a Объем 495 с.
c Иллюстрации/тип воспроизводства ил.
464 Аналитический уровень _0
1 2001
a Смерть и буссоль
1 700 1
a Борхес
b Х. Л.
g Хорхе Луис
464 Аналитический уровень _0
1 2001
a Проклятье Дейнов
1 700 1
a Хэммет
b Д.
g Дэшил
606 Тематические рубрики __
a Основная рубрика Художественная литература
606 Тематические рубрики __
a Основная рубрика Мировая литература (произведения)
610 Ключевые слова 0_
a Ключевые слова романы; писатели; проза; прозаики
610 Ключевые слова 0_
a Ключевые слова детективы
686 Индексы других классификаций __
a Классификационный индекс 84(0)6
2 Код системы rubbks
801 Источник записи _0
a Страна RU
b Организация Муниципальное бюджетное учреждение культуры "Централизованная библиотечная система" г. Сургут (Центральная городская библиотека им. А. С. Пушкина)
g Правила каталогизации PSBO
c Дата составления 20210317
801 Источник записи _1
a Страна RU
b Организация Муниципальное бюджетное учреждение культуры "Централизованная библиотечная система" г. Сургут (Центральная городская библиотека им. А. С. Пушкина)
g Правила каталогизации PSBO
c Дата составления 20210317
852 Данные о местонахождении __
j Шифр хранения 84(0)6
i Авторский знак Б 87
b Сигла хранения ЦА-1
901 Тип документа __
t Тип документа x
a Ответственный КиК/Котельникова
903 Характеристики (МАРС) __
a Дата передачи 20210317
c Наименование библиотеки (МАРС) Муниципальное бюджетное учреждение культуры "Централизованная библиотечная система" г. Сургут (Центральная городская библиотека им. А. С. Пушкина)
990 Данные о заказе (DOS) __
j Количество экземпляров (DOS) 1
t N записи в КСУ для И/У (DOS) ретро